Bible Characters Part 2 - Statistics

General Stats
  • This quiz has been taken 76 times
  • The average score is 9 of 15
Answer Stats
Hint Answer % Correct
Killed by his Brother Abel
93%
Brother of Moses Aaron
85%
Son of Abraham Isaac
84%
Wrote Fist Book in New Testament Matthew
82%
Third Son of Adam Seth
82%
Son of David Solomon
82%
Oldest Man Ever to Live Methuselah
75%
Prophet Who Raised Samuel Eli
66%
Second Husband of Ruth Boaz
58%
Mother of Samuel Hannah
58%
Father of David Jesse
58%
Beat Mideonites With 300 Soldiers Gideon
51%
David's Third Wife Abigail
31%
Leper who bathed in the Jordan River Naaman
24%
AKA Esdras Ezra
21%
No matching quizzes found
Score Distribution
Percent of People with Each Score
Percentile by Number Answered
Your Score History
You have not taken this quiz